banner koha

Efeito do Sistema de Desdobro e das Classes Diamétricas no Rendimento em Madeira Serrada de Araucaria angustifolia (Registro n. 340440)

MARC details
000 -LÍDER
fixed length control field 03241nab a2200277 i 4500
003 - CÓDIGO MARC DA AGÊNCIA CATALOGADORA
Campo de controle BR-BrBNA
005 - DATA E HORA DA ÚLTIMA ATUALIZAÇÃO
Campo de controle 20260318161610.0
008 - CAMPO DE TAMANHO FIXO
fixed length control field 260318b2017 bl.ar|pooa||| 00| 0 por |
040 ## - FONTE DA CATALOGAÇÃO
Agência catalogadora BR-BrBNA
Idioma da catalogação por
072 ## - CATEGORIA AGRIS
Código AGRIS K50
Código do objeto 3103
100 ## - ENTRADA PRINCIPAL - NOME PESSOAL
Nome pessoal Bonato Junior, Antonio Idinar
100 ## - ENTRADA PRINCIPAL - NOME PESSOAL
Nome pessoal Rocha, Márcio Pereira da
100 ## - ENTRADA PRINCIPAL - NOME PESSOAL
Nome pessoal Juizo, Claudio Gumane Francisco
100 ## - ENTRADA PRINCIPAL - NOME PESSOAL
Nome pessoal Klitzke, Ricardo Jorge
245 ## - TÍTULO PRINCIPAL
Título principal Efeito do Sistema de Desdobro e das Classes Diamétricas no Rendimento em Madeira Serrada de Araucaria angustifolia
500 ## - NOTA GERAL
Nota geral Publicação on-line; 12 ref.; 3 tables; 3 illus.; Summaries (En, Pt)
942 ## - ADDED ENTRY ELEMENTS (KOHA)
Koha item type Analítica
520 ## - NOTA DE RESUMO
Nota de conteúdo <br/><br/>RESUMO<br/><br/>A presente pesquisa foi desenvolvida com o objetivo de avaliar o efeito dos sistemas de desdobro<br/>aleatório e otimizado em toras de Araucaria angustifolia em diferentes classes diamétricas, para<br/>obtenção de madeira serrada numa serraria de pequeno porte. Para o efeito, foram selecionadas<br/>60 toras, as quais foram cubadas e separadas em três classes diamétricas com 20 toras que, em<br/>seguida foram divididas em dois lotes de 10 toras, sendo o primeiro lote submetido ao desdobro<br/>aleatório e o segundo, ao desdobro otimizado. Os resultados indicaram que o desdobro otimizado<br/>foi mais satisfatório e a classificação diamétrica ocasionou aumento do rendimento em madeira<br/>serrada nos dois sistemas de desdobro. Os modelos ajustados para predição do rendimento, em<br/>função da conicidade das toras, foram significativos e satisfatórios principalmente no sistema<br/>de desdobro otimizado, o qual teve altos coeficientes de determinação ajustados em relação ao<br/>sistema de desdobro aleatório.<br/><br/>Palavras-chave: serraria, modelos de desdobro, conicidade de toras.<br/><br/><br/><br/><br/><br/>Effect of Saw Pattern and Diametric Grades on the Yield in Lumber of Araucaria angustifolia<br/><br/>ABSTRACT<br/><br/>This research was developed in order to assess the effect of aleatory breakdown and optimized<br/>breakdown systems of the logs of A. angustifolia, using different diametric classes to obtain<br/>lumber in a small sawmill. For this, 60 logs were selected, cubed and separated in three diameter<br/>classes, with 20 logs each, which were additionally divided in two lots of 10 logs, being the first<br/>lots subjected to aleatory breakdown, and the second for optimized breakdown. The results<br/>indicated that the optimized breakdown was satisfactory; in addition, the diametric classification<br/>caused an increase in yield lumber on both breakdown systems. The adjusted models for the<br/>yield prediction due to the taper of the logs were significant and satisfactory, especially in the<br/>optimized breakdown system that had high determination coefficients adjusted, regarding the<br/>aleatory breakdown system.<br/><br/>Keywords: sawmill, sawn patterns, log tapper.
650 ## - ASSUNTO - THESAGRO
Cabeçalho tópico ou nome geográfico SERRARIA
650 ## - ASSUNTO - THESAGRO
Cabeçalho tópico ou nome geográfico TORA
650 ## - ASSUNTO - THESAGRO
Cabeçalho tópico ou nome geográfico DIÂMETRO
650 ## - ASSUNTO - THESAGRO
Cabeçalho tópico ou nome geográfico ARAUCÁRIA ANGUSTIFOLIA
773 0# - ENTRADA ANALÍTICA
Host Biblionumber 2929
Registro do item 347945
Imprenta Rio de Janeiro-RJ Instituto de Florestas - UFRRJ 1994
Outro identificador 2025-0444
Título Floresta e Ambiente (Brazil)
ISSN 1415-0980 / ISSN 2179-8087 0nline
Colação v. 24 p. 1-8; (2017)
Número de controle de registro BR2026000218
856 ## - ACESSO E ENDEREÇO ELETRÔNICO
Identificador uniforme de recurso - URI https://www.scielo.br/j/floram/a/hbn9ScFyGrKxBfP3f8MQSfJ/?format=pdf&lang=pt

Nenhum exemplar disponível.

BINAGRI

Telefone: (61)3218-2567/2388/3357/2097 - binagri@agro.gov.br

Ministério da Agricultura e Pecuária , Esplanada dos Ministérios, Bloco D, Anexo B, Brasília/DF, CEP: 70.043-900